| 000 | 00622nam a22001577a 4500 | ||
|---|---|---|---|
| 003 | OSt | ||
| 005 | 20151103145748.0 | ||
| 008 | 151103b xxu||||| |||| 00| 0 eng d | ||
| 040 | _cRUA | ||
| 082 | _aFOR សឹម1992 B117 Or.1 | ||
| 100 |
_93272 _aសឹម ផាត |
||
| 245 | _aគំរោងនៃការរៀបចំព្រៃបំរុងទុកមានក ក្នុងស្រុកកំពង់ត្រឡាច ខេត្តកំពង់ឆ្នាំង ដើម្បីទាញយកអុស | ||
| 260 |
_aPhnom Penh _bRUA _c1992 |
||
| 300 |
_a89p. _bill. _c29cm. |
||
| 942 |
_2ddc _cFOR |
||
| 999 |
_c3053 _d3053 |
||